00579nam a2200193Ia 450000500170000000800410001702000240005804000190008204100120010108200170011310000170013024500760014726000420022330000200026550400500028565000130033565100270034885000100037520220114115125.0131103s9999 xx 000 0 und d a8170369754cRs. 295 aLoreto College aEnglish a320.954bCHA aChadda, Maya aBuilding democracy in South Asiab India, Nepal, Pakistan cMaya Chadda aNew DelhibVistaar Publicationsc2000 axv,246p, 24 cm. aIncludes bibliographical references and index aPolitics aPolitics, South Asia  aLCLIB